Catálogo público

Estadísticas para ingenieros / (Record no. 218599)

MARC details
000 -CABECERA
campo de control de longitud fija 02551nam a2200337 a 4500
003 - IDENTIFICADOR DEL NÚMERO DE CONTROL
campo de control CHAP
005 - FECHA Y HORA DE LA ÚLTIMA TRANSACCIÓN
campo de control 20230412130819.0
007 - CAMPO FIJO DE DESCRIPCIÓN FÍSICA--INFORMACIÓN GENERAL
campo de control de longitud fija ta
008 - DATOS DE LONGITUD FIJA--INFORMACIÓN GENERAL
campo de control de longitud fija 230412s2010 pe ado|fr|||| 001 0 spa d
020 ## - NÚMERO INTERNACIONAL ESTÁNDAR DEL LIBRO
Número Internacional Estándar del Libro 978-612-4034-55-8
040 ## - FUENTE DE LA CATALOGACIÓN
Centro catalogador/agencia de origen mxchpua
Centro/agencia transcriptor CHAP
Normas de descripción rda
050 10 - SIGNATURA TOPOGRÁFICA DE LA BIBLIOTECA DEL CONGRESO
Número de clasificación TA340
Número de documento/Ítem .Q49 2010
082 00 - NÚMERO DE LA CLASIFICACIÓN DECIMAL DEWEY
Número de clasificación 519.5
Número de documento/Ítem Q49 2010
Número de edición 20
100 1# - ENTRADA PRINCIPAL--NOMBRE DE PERSONA
9 (RLIN) 186672
Nombre de persona Quezada Lucio, Nel
Término indicativo de función/relación autor
245 10 - MENCIÓN DE TÍTULO
Título Estadísticas para ingenieros /
Mención de responsabilidad, etc. Nel Quezada Lucio
250 ## - MENCIÓN DE EDICIÓN
Mención de edición 1a edición
264 ## - PRODUCCIÓN, PUBLICACIÓN, DISTRIBUCIÓN, FABRICACIÓN Y COPYRIGHT
Producción, publicación, distribución, fabricación y copyright Lima, Perú :
Nombre del de productor, editor, distribuidor, fabricante Macro,
Fecha de producción, publicación, distribución, fabricación o copyright 2010
300 ## - DESCRIPCIÓN FÍSICA
Extensión 310 páginas :
Otras características físicas ilustraciones, gráficas, tablas
336 ## - TIPO DE CONTENIDO
Fuente rdacontent
Término de tipo de contenido texto
Código de tipo de contenido txt
337 ## - TIPO DE MEDIO
Fuente rdamedia
Nombre/término del tipo de medio sin medio
Código del tipo de medio n
338 ## - TIPO DE SOPORTE
Fuente rdacarrier
Nombre/término del tipo de soporte volumen
Código del tipo de soporte nc
505 0# - NOTA DE CONTENIDO CON FORMATO
Nota de contenido con formato 1. Etapas de una investigación --<br/>2. Estadística descriptiva --<br/>3. Gráficos descriptivos --<br/>4. Distribuciones bidimensionales --<br/>5. Coeficiente de correlación lineal --<br/>6. Regresión lineal simple --<br/>7. Números índices --<br/>8. Análisis combinatorio --<br/>9. Probabilidades --<br/>10. Variables aleatorias discretas --<br/>11. Distribuciones de probabilidad --<br/>12. Inferencia estadística
520 2# - SUMARIO, ETC.
Sumario, etc. Este libro expone los lineamientos generales de la estadística aplicados al campo de la ingeniería. En esta obra, el lector encontrará las herramientas teóricas indispensables para manejar con eficiencia la información requerida para un adecuado trabajo de investigación, el desarrollo de proyectos especializados y la toma de decisiones. En esta publicación se tratan temas como las nociones preliminares de la estadística descriptiva, los gráficos descriptivos, las distribuciones bidimensionales, la correlación y regresión lineal, el análisis combinatorio, las probabilidades, las variables aleatorias, las distribuciones de probabilidad, la inferencia estadística, entre otros. Asimismo, se presenta una metodología práctica basada en ejercicios desarrollados y propuestos, los cuales potenciarán el aprendizaje de los conocimientos adquiridos. La presente obra está dirigida a estudiantes y profesionales de todas las carreras de ingeniería, así como a todos aquellos relacionados con el campo de la estadística que necesiten de un texto compendioso y práctico, imprescindible para una lectura y praxis general de la estadística.
650 17 - PUNTO DE ACCESO ADICIONAL DE MATERIA--TÉRMINO DE MATERIA
9 (RLIN) 58191
Término de materia o nombre geográfico como elemento de entrada Ingeniería
Subdivisión general Métodos estadísticos
650 17 - PUNTO DE ACCESO ADICIONAL DE MATERIA--TÉRMINO DE MATERIA
9 (RLIN) 38241
Término de materia o nombre geográfico como elemento de entrada Estadística
650 17 - PUNTO DE ACCESO ADICIONAL DE MATERIA--TÉRMINO DE MATERIA
9 (RLIN) 91685
Término de materia o nombre geográfico como elemento de entrada Probabilidad
650 13 - PUNTO DE ACCESO ADICIONAL DE MATERIA--TÉRMINO DE MATERIA
9 (RLIN) 147798
Término de materia o nombre geográfico como elemento de entrada Engineering
Subdivisión general Statistical methods
650 13 - PUNTO DE ACCESO ADICIONAL DE MATERIA--TÉRMINO DE MATERIA
9 (RLIN) 144311
Término de materia o nombre geográfico como elemento de entrada Statistics
650 13 - PUNTO DE ACCESO ADICIONAL DE MATERIA--TÉRMINO DE MATERIA
9 (RLIN) 158041
Término de materia o nombre geográfico como elemento de entrada Probability
942 ## - ELEMENTOS DE PUNTO DE ACCESO ADICIONAL (KOHA)
Fuente del sistema de clasificación o colocación Dewey Decimal Classification
Tipo de ítem Koha
Holdings
Estado de retiro Estado de pérdida Fuente del sistema de clasificación o colocación Estado dañado Restricciones de uso No para préstamo Código de colección Localización permanente Ubicación/localización actual Fecha de adquisición Fuente de adquisición Número de inventario Total de préstamos Signatura topográfica completa Código de barras Fecha visto por última vez Número de copia Precio válido a partir de Tipo de ítem Koha Renovaciones totales Fecha del último préstamo
    Dewey Decimal Classification   Préstamo interno   General Ingenieria Agroindustrial Ingenieria Agroindustrial 09/12/2021 Compra Librería UACh F. 39645 Consumo   519.5 Q49 2010 1102014624 12/04/2023 Ej. 1 12/04/2023 Libro    
    Dewey Decimal Classification   Préstamo 5 días   General Ingenieria Agroindustrial Ingenieria Agroindustrial 09/12/2021 Compra Librería UACh F. 39645 Consumo 11 519.5 Q49 2010 1102014625 15/05/2025 Ej. 2 12/04/2023 Libro 10 15/05/2025